00447nam a2200181Ia 4500003000400000005001700004008004100021020001800062040000700080041000800087082002100095100002300116245002000139260005600159300001700215365001400232650001900246OSt20230509155101.0210423s2008 xx 000 0 und d a9788181282811 cAL aeng a620.5 223bTIMN aTIMP (Gregory),Ed. aNanotechnology. aNew DelhibResearch and Education Associationc2008 aviii,696bPB b1295cINR aNanotechnology